| 000 | 00470cam a2200169 a 4500 | ||
|---|---|---|---|
| 008 | 100324s2010 iluaf b 001 0 eng | ||
| 010 | _a 2010008130 | ||
| 020 | _a9781556527661 (pbk.) | ||
| 020 | _a1556527667 (pbk.) | ||
| 041 | _aeng | ||
| 080 | _a305.896073 DIA | ||
| 082 | 0 | 0 |
_a305.896073 DIA _222 |
| 100 | 1 | _a9 | |
| 101 | _aMJE | ||
| 245 | 1 | 0 |
_aRooted in the earth : _cDianne D. Glave. |
| 942 |
_cBK _2udc |
||
| 999 |
_c39037 _d39037 |
||